| 000 | 01284nam a22003617a 4500 | ||
|---|---|---|---|
| 003 | CHAP | ||
| 005 | 20220329143125.0 | ||
| 008 | 060529b2006 mx r 00110 spa d | ||
| 010 | _a92286 | ||
| 011 | _a93258 | ||
| 035 | _a103830 | ||
| 040 | _cCHAP | ||
| 090 | _aTesis | ||
| 100 | 1 |
_aGómez Quiroga, Alhelí. _949869 |
|
| 245 | 1 | 0 |
_aOportunidades para la comercialización de productos agroecológicos en Xalapa, Veracruz _c/por Alhelí Gómez Quiroga |
| 260 |
_aChapingo, Méx. : _bEl autor, _c2006. |
||
| 300 |
_a132 h. : _banexo |
||
| 502 | _aTesis (Ing. en Agroecología) - - UACH. Departamento de Agroecología | ||
| 590 |
_aALEPH _b10 _c20130110 _lUCH01 _h1512 |
||
| 590 |
_aBATCH-UPD _b10 _c20130110 _lUCH01 _h0632 |
||
| 590 |
_aBATCH-UPD _b10 _c20130410 _lUCH01 _h0315 |
||
| 590 |
_aBATCH-UPD _b10 _c20130913 _lUCH01 _h2232 |
||
| 590 |
_aCONVERSION _b10 _c20130109 _lUCH01 _h1351 |
||
| 650 | 1 | 4 |
_aAgricultura orgánica. _92005 |
| 650 | 1 | 4 |
_aAlimentos orgánicos. _94316 |
| 650 | 1 | 4 |
_aProductos agrícolas _xMercadeo. _991951 |
| 650 | 1 | 4 |
_aProductos agrícolas _xVeracruz. _992037 |
| 901 | _aBK | ||
| 905 | _aLilia | ||
| 942 | _cFOLL | ||
| 949 |
_aTesis _bBC _cTES _d00000001038301 _eTS1 _h45331 _i103830 _sb |
||
| 949 |
_aTesis _bBC _cTES _d33724000988135 _eTS2 _fc.2 _h45332 _i103830 _sb |
||
| 999 |
_c92286 _d92286 |
||